Регионална библиотека "Любен Каравелов" - Русе

Момичето от влака (Запис номер 172988)

MARC детайли
000 -Лидер
Контролно поле с фиксирана дължина 01432nam a2200349 c 4500
003 - Код на организацията, давaща контролен номер
Контролно поле BLK
005 - Дата и час на последна редакция
Контролно поле 20250125161726.0
008 - Елементи от данни с фиксирана дължина
fixed length control field 180411b bul|||||r ||||||| ||bul||
010 ## - Наследен системен номер
LC control number KNG00181361000
020 ## - Международен стандартен номер на книга ISBN
Международен стандартен номер на книга ISBN 978-619-164-179-6
-- издат.: Enthusiast
040 ## - Източник на каталожния запис
Идентификатор на билиотеката - собственик на записа BLK
041 ## - Код за език
Код за езика на текст/звукозапис или на отделно заглавие Български
Код за езика КДБФ Български
072 #7 - Код за тематичната категория
Код организация bullib
Код за тематична категория Н83
Текст Чужда художествена литература Н
080 ## - УДК
Текстов определител УДК Английска литература
УДК код - определител по УДК 821.111
УДК определител -31
УДК - код + определител 821.111-31
100 1# - Редна дума - Автор
Автор Хоукинс, Паула
Авторска отговорност първи автор
R(LIN) 339403
139 ## - Редно поле
Редна дума Хоукинс, Паула
Авторски знак Хот - Х 70
245 10 - Сведения за заглавието
Заглавие Момичето от влака
Подзаглавни данни Роман
Редно поле (дума) Паула Хоукинс; прев. от англ. Маргарита Александрова Терзиева.
257 ## - Страна на издаване
Страна на създаване/издаване Великобритания
260 ## - Област на издателските данни
-- София
Име на издателя, разпространителя и проч. Enthusiast
Година на издаване 2015
Печатница София : Алианс принт
300 ## - Физическа характеристика
Страници 344 с.
Размери/Мащаб 21 см
380 ## - Жанр
Жанр Худож. лит.
500 ## - Общи забележки
Забележка Ориг. загл. The Girl of the Train / Paula Hawkins. - Доп. тир. 2016
653 ## - Ключова дума – ненормативна
Ключова дума романи
659 ## - Тематичен бюлетин
Тематичен бюлетин Н
700 1# - Други автори (авторска отговорност)
Лично име Терзиева, Маргарита Александрова
Автороска отговорност (Описва отношението между автора и произведението) прев. от англ.
9 (RLIN) 367690
852 ## - Местоположение
Форматна сигнатура Цб 276613
856 4# - Електронен адрес и достъп
Електронен формат pdf - файл
Път до файла /url/
856 4# - Електронен адрес и достъп
Електронен формат pdf - файл
Път до файла /url/
942 ## - АРТИКУЛИ
Вид на библиотечния материал Книги
Скрит в OPAC Не
Koha issues (borrowed), all copies 59
944 ## - СЪЗДАВАНЕ И РЕДАКЦИЯ на ЗАПИСА
Създаване/Редакция Създаване
Дата на регистрацията/редакция 09.09.2015
Статус, дата на статуса Нора Радева
Служител, извършил регистрацията/редакцията 30545
944 ## - СЪЗДАВАНЕ И РЕДАКЦИЯ на ЗАПИСА
Създаване/Редакция Редакция
Дата на регистрацията/редакция 17.12.2017
Статус, дата на статуса ф /
Служител, извършил регистрацията/редакцията Виолета_Тройчева
999 ## - СИСТЕМНИ КОНТРОЛНИ НОМЕРА
Koha biblionumber 172988
Koha biblioitemnumber 172988
Наличности
Код за отписване Код за изгубен артикул Източник на класификационната схема Код за повреда Коз за рестрикции Код за отдаване Артикулен № Име на библиотеката - собственик Име на библиотеката, в която се намира в момента Статус (Текущо местоположение) Дата на вписване в системата Местоположение - отдел Цена в лева Инвентарен номер Систематично азбучна сигнатура Баркод Номер на екземпляра Цена в евро Служебна бележка Служебен тип на артикула
Изтеглен Не е изгубен Universal Decimal Classification Не е повреден без рестрикции заемане за дома 295151 Регионална библиотека "Любен Каравелов" Русе Регионална библиотека "Любен Каравелов" Русе Заемна - подръчен фонд 2015-09-10 Заемна - подръчен фонд 11.70 120000792091 П 820-31/Х 70 120000792091 1 5.98 Дост: Pk Вид: Ф N: 534 Дата: 03.09.2015 Книги
  Не е изгубен   Не е повреден без рестрикции ползва се в читалня 295152 Регионална библиотека "Любен Каравелов" Русе Регионална библиотека "Любен Каравелов" Русе Хранилище 2016-08-10 Хранилище 15.00 120000802515 Цб 276613 120000802515 2 7.67 Дост: Dp Вид: Д N: 25 Дата: 19.05.2016 Книги
  Не е изгубен Universal Decimal Classification Не е повреден без рестрикции заемане за дома 295153 Регионална библиотека "Любен Каравелов" Русе Регионална библиотека "Любен Каравелов" Русе Заемна - подръчен фонд 2016-12-21 Заемна - подръчен фонд 15.00 120000807114 П 821-31/Х 70 120000807114 3 7.67 Дост: Pk Вид: Ф N: 475 Дата: 19.12.2016 Дата инв: 15.02.2018 Бележки инв: П2018 Книги
  Не е изгубен   Не е повреден без рестрикции заемане за дома 295154 Регионална библиотека "Любен Каравелов" Русе Регионална библиотека "Любен Каравелов" Русе Заемна - подръчен фонд 2016-12-21 Заемна - подръчен фонд 15.00 120000807115 П 820-31/Х 70 120000807115 4 7.67 Дост: Pk Вид: Ф N: 475 Дата: 19.12.2016 Дата инв: 14.02.2018 Бележки инв: П2018 Книги
  Не е изгубен Universal Decimal Classification Не е повреден   заемане за дома 678364 Регионална библиотека "Любен Каравелов" Русе Регионална библиотека "Любен Каравелов" Русе Заемна - подръчен фонд 2018-07-12 Заемна - подръчен фонд 0.95 120000822010 П 820-31/Х 70 120000822010   0.49   Книги
Vip Innovations Ltd, Rousse, Bulgaria 2025